000 00331nam a2200133Ia 4500
008 240624s9999 xx 000 0 und d
041 _aeng
082 _a823 ADI
100 _aADICHIE CHIMAMANDA NGOZI
245 _aPURPLE HIBISCUS
260 _c2007
_aNew Delhi
_bHarperCollins
300 _a307 : p. : cm. ; 21
365 _cRS
_b25
999 _c18674
_d18674